[Event "FIDE World Rapid Team"]
[Site "Almaty KAZ"]
[Date "2024.08.02"]
[Round "2.47"]
[White "Sembay, Aisana"]
[Black "Akhmediyar, Yernur"]
[Result "0-1"]
[WhiteElo "1527"]
[BlackElo "1853"]
[WhiteTeam "Chessacademy_pvl"]
[BlackTeam "Chess Mates"]
[WhiteFideId "13791281"]
[BlackFideId "13732129"]
[EventDate "2024.08.02"]

1. e4 c5 2. Nf3 Nc6 3. d4 cxd4 4. Nxd4 g6 5. Nc3 Bg7 6. Be3 Nf6 7. Bc4 O-O 8.
Bb3 d6 9. f3 Bd7 10. Qd2 Nxd4 11. Bxd4 b5 12. O-O a5 13. Nd5 Nxd5 14. Bxd5 Bxd4+
15. Qxd4 Rb8 16. a3 Qb6 17. c3 Rfc8 18. Rac1 Bc6 19. Ba2 b4 20. Qxb6 Rxb6 21.
cxb4 axb4 22. axb4 Rxb4 23. Bd5 Bb7 24. Rxc8+ Bxc8 25. Rc1 Bb7 26. Bxb7 Rxb7 27.
Rc2 Kg7 28. Kf2 Kf6 29. Ke3 g5 30. Kd2 Rb3 31. Ke2 h5 32. Kd1 Ke5 33. Ke2 g4 34.
Kf2 gxf3 35. gxf3 Kf4 36. Rc3 Rxb2+ 37. Kg1 f5 38. exf5 Kxf5 39. Re3 e5 40. Rd3
Ke6 41. Ra3 d5 42. Ra6+ Kf5 43. Ra3 Kf4 44. Rc3 d4 45. Rd3 h4 46. Ra3 h3 47. Rd3
Re2 48. Ra3 Re3 49. Ra6 Kxf3 50. Kf1 Rb3 51. Rf6+ Ke4 52. Rh6 d3 53. Rxh3 d2 54.
Rh4+ Kd3 55. Rh3+ Kc2 56. Rxb3 0-1

[Event "FIDE World Rapid Team"]
[Site "Almaty KAZ"]
[Date "2024.08.02"]
[Round "3.2"]
[White "Nepomniachtchi, Ian"]
[Black "Narayanan, S.L."]
[Result "1-0"]
[WhiteTitle "GM"]
[BlackTitle "GM"]
[WhiteElo "2767"]
[BlackElo "2649"]
[WhiteTeam "WR Chess Team"]
[BlackTeam "Team MGD1"]
[WhiteFideId "4168119"]
[BlackFideId "5058422"]
[EventDate "2024.08.02"]

1. e4 e5 2. d4 exd4 3. Qxd4 Nc6 4. Qe3 Nf6 5. Nc3 Bb4 6. Bd2 O-O 7. O-O-O Re8 8.
Bc4 d6 9. Nf3 h6 10. a3 Bxc3 11. Bxc3 Nxe4 12. Qf4 Nxc3 13. Qxf7+ Kh8 14. bxc3
Rf8 15. Qh5 Qf6 16. Kb2 Bf5 17. Rhe1 b5 18. Bb3 a5 19. Qh4 g5 20. Qg3 b4 21. Nd4
Nxd4 22. Rxd4 a4 23. Bd5 c5 24. Rdd1 bxc3+ 25. Kc1 Rab8 26. Re3 Rb2 27. Rxc3
Rfb8 28. Qe3 Bg6 29. h4 Rb1+ 30. Kd2 Rxd1+ 31. Kxd1 Re8 32. Qd2 Re5 33. hxg5
hxg5 34. Re3 Kg7 35. Bc6 Rf5 36. f3 Rf4 37. c3 Rh4 38. Re1 Rc4 39. Re3 Rh4 40.
Qe1 Bf7 41. Kc1 Qh6 42. Qd2 d5 43. Re1 d4 44. Bxa4 Qf6 45. Bc2 dxc3 46. Qe3 Rh2
47. Rg1 Rh8 48. g3 Ra8 49. Qxc5 Re8 50. f4 g4 51. Rd1 Re2 52. a4 1-0

[Event "FIDE World Rapid Team"]
[Site "Almaty KAZ"]
[Date "2024.08.02"]
[Round "3.5"]
[White "Dronavalli, Harika"]
[Black "Hou, Yifan"]
[Result "1-0"]
[WhiteTitle "GM"]
[BlackTitle "GM"]
[WhiteElo "2502"]
[BlackElo "2633"]
[WhiteTeam "Team MGD1"]
[BlackTeam "WR Chess Team"]
[WhiteFideId "5015197"]
[BlackFideId "8602980"]
[EventDate "2024.08.02"]

1. Nf3 Nf6 2. g3 b6 3. Bg2 Bb7 4. c4 c5 5. O-O e6 6. Nc3 Be7 7. Re1 O-O 8. e4 d6
9. d4 cxd4 10. Nxd4 Qc8 11. Be3 a6 12. Rc1 Nbd7 13. f4 Re8 14. g4 Nc5 15. Bf2 e5
16. Nf5 exf4 17. b4 Ne6 18. Nd5 Bf8 19. Nxb6 Qd8 20. Nxa8 Qxa8 21. Nxd6 Bxd6 22.
Qxd6 Nxe4 23. Qb6 N6g5 24. h4 f3 25. hxg5 fxg2 26. c5 Bc6 27. Rcd1 Qc8 28. Re3
h5 29. gxh5 Nxf2 30. Rxe8+ Qxe8 31. Kxf2 Kh7 32. Qc7 Qe4 33. Qd6 Qf3+ 34. Kg1
Be4 35. g6+ fxg6 36. hxg6+ Kh6 37. Re1 Bd5 38. Qe5 1-0

[Event "FIDE World Rapid Team"]
[Site "Almaty KAZ"]
[Date "2024.08.02"]
[Round "3.7"]
[White "Ding, Liren"]
[Black "Niemann, Hans Moke"]
[Result "1-0"]
[WhiteTitle "GM"]
[BlackTitle "GM"]
[WhiteElo "2745"]
[BlackElo "2711"]
[WhiteTeam "Decade China Team"]
[BlackTeam "GMHans.com"]
[WhiteFideId "8603677"]
[BlackFideId "2093596"]
[EventDate "2024.08.02"]

1. d4 Nf6 2. c4 e6 3. g3 d5 4. Bg2 Be7 5. Nf3 O-O 6. O-O dxc4 7. Qc2 b5 8. a4
Bb7 9. axb5 a6 10. bxa6 Nxa6 11. Qxc4 Bd5 12. Qc3 Ne4 13. Qe1 c5 14. Be3 Nb4 15.
Rxa8 Qxa8 16. Nc3 Nxc3 17. bxc3 Nc2 18. Qd2 Nxe3 19. Qxe3 cxd4 20. cxd4 Rd8 21.
Qf4 Bf6 22. e3 h6 23. h4 Rc8 24. Ne1 Re8 25. Bxd5 Qxd5 26. Qf3 Qc4 27. Qe4 Rc8
28. Nd3 Qb5 29. Ra1 g6 30. Kg2 Qd7 31. h5 g5 32. Rb1 Qc6 33. Qxc6 Rxc6 34. Rb7
Rc2 35. Nc5 Kf8 36. g4 Ra2 37. Kf3 Rc2 38. Nd3 Rd2 39. Rb3 Be7 40. Ke4 Kg7 41.
f3 Bd6 42. Ne5 Rf2 43. Nd3 Rd2 44. Rc3 Re2 45. Ne5 Rf2 46. Nc4 Bg3 47. Rb3 Rc2
48. Ne5 Rf2 49. Nc6 Rc2 50. d5 Kf6 51. Rb6 Bf2 52. dxe6 Rc3 53. exf7 Rxe3+ 54.
Kd5 Kxf7 55. Ra6 Rd3+ 56. Ke4 Re3+ 57. Kd5 Rd3+ 58. Kc4 Rd1 59. Ne5+ Kg7 60.
Rg6+ Kh7 61. Nf7 Rd4+ 62. Kb5 Rf4 63. Nxh6 Rxf3 64. Nf5 Bh4 65. Rg7+ Kh8 66. h6
Rb3+ 67. Kc5 Bf2+ 68. Kd5 Rb5+ 69. Ke4 1-0

[Event "FIDE World Rapid Team"]
[Site "Almaty KAZ"]
[Date "2024.08.02"]
[Round "3.9"]
[White "Yu, Yangyi"]
[Black "Dardha, Daniel"]
[Result "1/2-1/2"]
[WhiteTitle "GM"]
[BlackTitle "GM"]
[WhiteElo "2703"]
[BlackElo "2608"]
[WhiteTeam "Decade China Team"]
[BlackTeam "GMHans.com"]
[WhiteFideId "8603820"]
[BlackFideId "240990"]
[EventDate "2024.08.02"]

1. e4 e5 2. Nf3 Nc6 3. Bb5 Nf6 4. d3 Bc5 5. O-O Nd4 6. Nxd4 Bxd4 7. Ba4 c6 8. c3
Bb6 9. Na3 O-O 10. Bg5 h6 11. Bh4 d6 12. Nc4 g5 13. Bg3 Bg4 14. Qd2 Be6 15. Nxb6
axb6 16. Bd1 Qe7 17. Re1 Ne8 18. d4 f6 19. a4 b5 20. a5 Qf7 21. b4 Ng7 22. h3
Nh5 23. Bxh5 Qxh5 24. dxe5 dxe5 25. Qd6 Qe8 26. Qc5 Rf7 27. Red1 Rd7 28. Kh2 Bb3
29. Rd6 Qe7 30. Rxd7 Qxd7 31. Re1 Kg7 32. Qb6 Ra6 33. Qe3 Ra8 34. Qb6 Ra6 35.
Qc5 Ra8 36. Re3 Bf7 37. Re1 Bb3 1/2-1/2

[Event "FIDE World Rapid Team"]
[Site "Almaty KAZ"]
[Date "2024.08.02"]
[Round "3.10"]
[White "Hong, Andrew"]
[Black "Wang, Yue"]
[Result "1-0"]
[WhiteTitle "GM"]
[BlackTitle "GM"]
[WhiteElo "2572"]
[BlackElo "2637"]
[WhiteTeam "GMHans.com"]
[BlackTeam "Decade China Team"]
[WhiteFideId "2099438"]
[BlackFideId "8601429"]
[EventDate "2024.08.02"]

1. e4 e5 2. Nf3 Nc6 3. Bb5 Nf6 4. O-O Nxe4 5. Re1 Nd6 6. Nxe5 Be7 7. Bf1 Nxe5 8.
Rxe5 O-O 9. d4 Bf6 10. Re1 Nf5 11. d5 d6 12. Nd2 Bg5 13. a4 a5 14. Ne4 Bxc1 15.
Qxc1 Bd7 16. Qd2 Re8 17. g3 h6 18. b3 Ne7 19. Nc3 Ng6 20. Rxe8+ Qxe8 21. Re1 Qb8
22. Bb5 c6 23. Bf1 Qc7 24. Ne4 Re8 25. Re3 cxd5 26. Qxd5 Re6 27. Bc4 Bc6 28. Qd4
Rxe4 29. Rxe4 Bxe4 30. Qxe4 Kf8 31. Bd5 b6 32. Qf5 Ne5 33. Kg2 Qd7 34. Qe4 Ng4
35. Qh7 Nf6 36. Qh8+ Ke7 37. Bf3 Ne8 38. Qh7 Qc7 39. c4 Kf8 40. Qh8+ Ke7 41. Bd5
Qd7 42. Qg8 Kf6 43. h4 Qe7 44. Bc6 Nc7 45. Qb8 d5 46. cxd5 Qe4+ 47. Kh2 Qd4 48.
Kg1 Na6 49. Qd6+ Kf5 50. Qe7 Kg6 51. d6 Nc5 52. d7 Ne6 53. h5+ Kh7 54. Qxf7 Ng5
55. Qf5+ 1-0

[Event "FIDE World Rapid Team"]
[Site "Almaty KAZ"]
[Date "2024.08.02"]
[Round "3.11"]
[White "Ju, Wenjun"]
[Black "Salimova, Nurgyul"]
[Result "1/2-1/2"]
[WhiteTitle "GM"]
[BlackTitle "IM"]
[WhiteElo "2563"]
[BlackElo "2412"]
[WhiteTeam "Decade China Team"]
[BlackTeam "GMHans.com"]
[WhiteFideId "8603006"]
[BlackFideId "2915138"]
[EventDate "2024.08.02"]

1. Nf3 d5 2. g3 g6 3. Bg2 Bg7 4. d4 Nf6 5. c4 c6 6. cxd5 cxd5 7. Nc3 O-O 8. Ne5
Nc6 9. O-O e6 10. Nxc6 bxc6 11. Bf4 Nh5 12. Be3 Rb8 13. Na4 f5 14. f4 Nf6 15.
Kh1 h5 16. Rc1 h4 17. gxh4 Ng4 18. Bg1 Qxh4 19. a3 Bh6 20. Rc3 Rb7 21. b4 Rh7
22. Qc2 Rff7 23. Rh3 Qf6 24. Qxc6 Bd7 25. Qa6 Bxa4 26. Qxa4 Bf8 27. Qb3 Bd6 28.
b5 g5 29. fxg5 Qxg5 30. b6 axb6 31. Qxb6 Qe7 32. a4 Bc7 33. Qc6 Nf6 34. Rb1 Rxh3
35. Bxh3 Rh7 36. Rb7 Ne4 37. Rb3 Rh6 38. Qa8+ Kf7 39. Qc6 Kg8 40. Qa8+ Kf7 41.
Qc6 Kg8 42. Qa8+ 1/2-1/2

[Event "FIDE World Rapid Team"]
[Site "Almaty KAZ"]
[Date "2024.08.02"]
[Round "3.13"]
[White "Teclaf, Pawel"]
[Black "Rapport, Richard"]
[Result "1/2-1/2"]
[WhiteTitle "GM"]
[BlackTitle "GM"]
[WhiteElo "2553"]
[BlackElo "2715"]
[WhiteTeam "Q4Rail Kingsofchess Krakow"]
[BlackTeam "Chessy"]
[WhiteFideId "1185934"]
[BlackFideId "738590"]
[EventDate "2024.08.02"]

1. Nf3 Nf6 2. g3 d5 3. Bg2 c6 4. O-O Bg4 5. h3 Bh5 6. d4 e6 7. c4 Be7 8. Nc3 O-O
9. cxd5 cxd5 10. Ne5 Nc6 11. g4 Bg6 12. Nxg6 hxg6 13. e3 Rc8 14. Bd2 Ne8 15. Rc1
Nd6 16. b3 Qd7 17. Qe2 Rc7 18. Na4 b6 19. Nc3 Rfc8 20. Nb5 Nxb5 21. Qxb5 Ba3 22.
Rc2 Nb8 23. Rxc7 Rxc7 24. Qd3 Qc6 25. e4 Qc2 26. Qxc2 Rxc2 27. Bf4 Nc6 28. Rd1
Ne7 29. Rd2 Rc8 30. Re2 dxe4 31. Bxe4 Rd8 32. Be3 f6 33. Rc2 Bd6 34. Kg2 g5 35.
Rd2 f5 36. d5 fxe4 37. dxe6 Bc7 38. Rxd8+ Bxd8 39. Bxg5 Kf8 40. Kg3 Ke8 41. Kf4
Ng6+ 42. Kf5 Nh4+ 43. Kf4 Ng2+ 44. Kf5 Bxg5 45. Kxg5 Ke7 46. Kf5 Nh4+ 47. Kxe4
Kxe6 48. f4 Ng2 49. Kf3 Ne1+ 50. Ke4 Nc2 51. h4 Nb4 52. f5+ Kf7 53. a4 Na6 54.
Kd5 Nc5 55. a5 Nxb3 56. axb6 axb6 57. g5 b5 58. h5 Nd2 59. h6 gxh6 60. gxh6 b4 1/2-1/2

[Event "FIDE World Rapid Team"]
[Site "Almaty KAZ"]
[Date "2024.08.02"]
[Round "3.14"]
[White "Van Foreest, Jorden"]
[Black "Gareyev, Timur"]
[Result "1-0"]
[WhiteTitle "GM"]
[BlackTitle "GM"]
[WhiteElo "2696"]
[BlackElo "2541"]
[WhiteTeam "Chessy"]
[BlackTeam "Q4Rail Kingsofchess Krakow"]
[WhiteFideId "1039784"]
[BlackFideId "14200937"]
[EventDate "2024.08.02"]

1. e4 e5 2. Nf3 Nc6 3. Bb5 a6 4. Ba4 Bc5 5. c3 Nge7 6. O-O Ba7 7. d4 Ng6 8. Bxc6
dxc6 9. Nxe5 Nxe5 10. dxe5 Qh4 11. Qf3 Rg8 12. Re1 Bg4 13. Qg3 Qxg3 14. hxg3
O-O-O 15. Nd2 Rge8 16. Nc4 Be6 17. Nd2 Bg4 18. Nf3 Rd3 19. Nh2 Bd7 20. Bf4 h6
21. Nf1 g5 22. Be3 Bxe3 23. Rxe3 Rxe3 24. Nxe3 Rxe5 25. f3 f5 26. Nxf5 Bxf5 27.
exf5 Rxf5 28. Re1 Kd7 29. Kh2 h5 30. Kh3 g4+ 31. fxg4 hxg4+ 32. Kxg4 Rf2 33. Kh3
Rxb2 34. g4 Rxa2 35. g5 Rf2 36. Kg3 Rf8 37. Kg4 a5 38. g6 b5 39. Kg5 c5 40. g7
Ra8 41. Kf6 a4 42. Kf7 a3 43. Rh1 a2 44. Rd1+ Kc6 45. Ra1 Kd6 46. g8=Q Rxg8 47.
Kxg8 Kd5 48. Rxa2 Kc4 49. Ra5 b4 50. cxb4 cxb4 51. Kf7 b3 52. Ra7 c5 53. Rb7 Kc3
54. Ke6 c4 55. Kd5 Kd3 56. g4 1-0

[Event "FIDE World Rapid Team"]
[Site "Almaty KAZ"]
[Date "2024.08.02"]
[Round "3.15"]
[White "Bernadskiy, Vitaliy"]
[Black "Vidit, Santosh Gujrathi"]
[Result "1-0"]
[WhiteTitle "GM"]
[BlackTitle "GM"]
[WhiteElo "2530"]
[BlackElo "2720"]
[WhiteTeam "Q4Rail Kingsofchess Krakow"]
[BlackTeam "Chessy"]
[WhiteFideId "14100371"]
[BlackFideId "5029465"]
[EventDate "2024.08.02"]

1. e4 e5 2. Nf3 Nc6 3. Bc4 Bc5 4. d3 Nf6 5. Nc3 a6 6. Bg5 h6 7. Bxf6 Qxf6 8. Nd5
Qd8 9. c3 d6 10. d4 exd4 11. cxd4 Ba7 12. h3 O-O 13. O-O Be6 14. Rc1 Bd7 15. Re1
Re8 16. Qd2 Rc8 17. Bb3 Be6 18. Re3 Ne7 19. Nf4 Bxb3 20. Rxb3 Rb8 21. Nh2 Ng6
22. Nxg6 fxg6 23. Qc2 d5 24. exd5 Qxd5 25. Nf3 Bxd4 26. Nxd4 Qxd4 27. Qxg6 Re2
28. Rf3 c6 29. Qf7+ Kh8 30. Rc4 Qe5 31. Rg3 Re8 32. Rcg4 Re7 33. Qf8+ Kh7 34.
Rg6 Re1+ 35. Kh2 1-0

[Event "FIDE World Rapid Team"]
[Site "Almaty KAZ"]
[Date "2024.08.02"]
[Round "3.16"]
[White "Sarana, Alexey"]
[Black "Gumularz, Szymon"]
[Result "1-0"]
[WhiteTitle "GM"]
[BlackTitle "GM"]
[WhiteElo "2717"]
[BlackElo "2571"]
[WhiteTeam "Chessy"]
[BlackTeam "Q4Rail Kingsofchess Krakow"]
[WhiteFideId "24133795"]
[BlackFideId "1188062"]
[EventDate "2024.08.02"]

1. d4 d5 2. c4 c6 3. Nf3 Nf6 4. Nc3 dxc4 5. a4 Bf5 6. Ne5 Nbd7 7. Nxc4 Nb6 8.
Ne5 a5 9. e3 e6 10. g4 Bg6 11. h4 Bd6 12. h5 Be4 13. f3 Bxe5 14. fxe4 Bg3+ 15.
Kd2 Bd6 16. Kc2 e5 17. Qf3 Qe7 18. Bd2 h6 19. Be1 Nh7 20. Qf5 Ng5 21. Rd1 O-O
22. Kb1 Rad8 23. Bd3 Bb4 24. Bc2 Nc4 25. Qf2 exd4 26. exd4 Bxc3 27. Bxc3 Nxe4
28. Qe1 Nxc3+ 29. Qxc3 Qb4 30. Qxb4 axb4 31. Rhe1 Rfe8 32. Rxe8+ Rxe8 33. d5 Ne3
34. dxc6 bxc6 35. Rd6 c5 36. a5 Nc4 37. Ra6 Kf8 38. Ra7 Re3 39. a6 b3 40. Bxb3
Rxb3 41. Rb7 Rb6 42. a7 Ra6 43. Rb8+ Ke7 44. a8=Q Rxa8 45. Rxa8 Ne5 46. Ra4 c4
47. Kc1 Kf6 48. Kd2 Kg5 49. Ke3 Kxg4 50. b4 f5 51. b5 f4+ 52. Kd4 Nd7 53. Ra7
Nb6 54. Rxg7+ Kxh5 55. Rb7 Na4 56. Ra7 Nb6 57. Ra6 Nc8 58. Kxc4 f3 59. Kd3 Kg4
60. Ke3 Ne7 61. Kf2 h5 62. b6 1-0

[Event "FIDE World Rapid Team"]
[Site "Almaty KAZ"]
[Date "2024.08.02"]
[Round "3.17"]
[White "Kulon, Klaudia"]
[Black "Koneru, Humpy"]
[Result "1/2-1/2"]
[WhiteTitle "IM"]
[BlackTitle "GM"]
[WhiteElo "2415"]
[BlackElo "2530"]
[WhiteTeam "Q4Rail Kingsofchess Krakow"]
[BlackTeam "Chessy"]
[WhiteFideId "1131044"]
[BlackFideId "5008123"]
[EventDate "2024.08.02"]

1. c4 e5 2. g3 d5 3. cxd5 Qxd5 4. Nf3 Nc6 5. Nc3 Qd8 6. Bg2 Nf6 7. d3 h6 8. O-O
Bd6 9. a3 a5 10. h3 O-O 11. Be3 Re8 12. Nd2 Nd4 13. Nc4 Bf8 14. f4 exf4 15. gxf4
Be6 16. Bf2 Bxc4 17. dxc4 Nxe2+ 18. Nxe2 Qxd1 19. Rfxd1 Rxe2 20. Rab1 Ne4 21.
Be1 Re8 22. Bxa5 Bc5+ 23. Kh2 Bd6 24. Re1 Nc5 25. Kg1 b6 26. Bb4 Rxe1+ 27. Rxe1
Rxe1+ 28. Bxe1 Nd3 29. Bc3 Nxf4 30. Bf1 f6 31. Kf2 Kf7 32. Kf3 g5 33. b4 Ke6 34.
Bd2 Ng6 35. Kg4 Nf4 36. Bxf4 Bxf4 37. Kh5 Bc1 38. a4 Bd2 39. b5 Kf5 40. Bd3+ Ke5
41. Kg6 Kd4 42. Bf1 Ke5 43. Bd3 Be3 44. Bb1 Kd4 45. Kxf6 Kxc4 46. Bc2 h5 47. Kg6
g4 48. h4 Kd4 49. Bf5 g3 50. Bh3 Ke5 51. Kxh5 Kf6 52. Kg4 Bf2 1/2-1/2

[Event "FIDE World Rapid Team"]
[Site "Almaty KAZ"]
[Date "2024.08.02"]
[Round "3.2"]
[White "Zemlyanskii, Ivan"]
[Black "Maghsoodloo, Parham"]
[Result "0-1"]
[WhiteTitle "FM"]
[BlackTitle "GM"]
[WhiteElo "2543"]
[BlackElo "2723"]
[WhiteTeam "Rookies"]
[BlackTeam "Al-Ain ACMG UAE"]
[WhiteFideId "24249971"]
[BlackFideId "12539929"]
[EventDate "2024.08.02"]

1. e4 c5 2. Nf3 d6 3. d4 cxd4 4. Nxd4 Nf6 5. Nc3 a6 6. Bg5 e6 7. Qf3 Nbd7 8.
O-O-O h6 9. Bxf6 Qxf6 10. Qe2 Ne5 11. g3 g5 12. Bg2 Bd7 13. Rhf1 g4 14. f4 gxf3
15. Bxf3 Rc8 16. Bh5 Qg5+ 17. Kb1 Bg7 18. h4 Qd8 19. Nf3 Qb6 20. Nxe5 Bxe5 21.
Kc1 Rxc3 22. Rxf7 Kd8 23. Rdf1 Rxg3 24. Rf8+ Rxf8 25. Rxf8+ Kc7 26. Qc4+ Bc6 0-1

[Event "FIDE World Rapid Team"]
[Site "Almaty KAZ"]
[Date "2024.08.02"]
[Round "3.3"]
[White "Artemiev, Vladislav"]
[Black "Samadov, Read"]
[Result "1-0"]
[WhiteTitle "GM"]
[BlackTitle "IM"]
[WhiteElo "2699"]
[BlackElo "2509"]
[WhiteTeam "Al-Ain ACMG UAE"]
[BlackTeam "Rookies"]
[WhiteFideId "24101605"]
[BlackFideId "13417444"]
[EventDate "2024.08.02"]

1. Nf3 Nf6 2. g3 g6 3. Bg2 Bg7 4. d4 O-O 5. O-O d5 6. c4 c6 7. Ne5 Ng4 8. cxd5
cxd5 9. Bf4 Nxe5 10. Bxe5 Nc6 11. Bxg7 Kxg7 12. Nc3 e6 13. Qd2 Bd7 14. e4 dxe4
15. Bxe4 Qf6 16. Rad1 Rfd8 17. d5 Ne5 18. Qd4 Rac8 19. Bg2 Nc4 20. Qxf6+ Kxf6
21. Ne4+ Kg7 22. b3 exd5 23. Rxd5 Nb6 24. Ra5 Bc6 25. Rxa7 Nd5 26. h4 Nb4 27.
Rc1 Ra8 28. Rxa8 Rxa8 29. a4 Bd5 30. Rc7 Na6 31. Rc3 Rd8 32. Ng5 h6 33. Rd3 hxg5
34. Rxd5 Rxd5 35. Bxd5 gxh4 36. Bxb7 Nc5 37. a5 1-0

[Event "FIDE World Rapid Team"]
[Site "Almaty KAZ"]
[Date "2024.08.02"]
[Round "3.4"]
[White "Bivol, Alina"]
[Black "Andreikin, Dmitry"]
[Result "0-1"]
[WhiteTitle "IM"]
[BlackTitle "GM"]
[WhiteElo "2345"]
[BlackElo "2729"]
[WhiteTeam "Rookies"]
[BlackTeam "Al-Ain ACMG UAE"]
[WhiteFideId "4100123"]
[BlackFideId "4158814"]
[EventDate "2024.08.02"]

1. e4 c5 2. Nf3 Nc6 3. Bb5 Nf6 4. e5 Ng4 5. Bxc6 dxc6 6. Nc3 g6 7. d3 Bg7 8. Bf4
Nh6 9. Ne4 b6 10. h3 Nf5 11. Qd2 Nd4 12. O-O-O Nxf3 13. gxf3 Be6 14. Rde1 Qd5
15. c4 Qd7 16. h4 O-O-O 17. Rd1 Qc7 18. Qc3 Rd4 19. Be3 Rd7 20. f4 Rhd8 21. f3
f6 22. Bxc5 bxc5 23. Nxc5 Bf5 24. Nxd7 Rxd7 25. Kb1 fxe5 26. Ka1 e6 27. fxe5
Qxe5 28. Qa3 Qd6 29. c5 Qd4 30. Rh2 Rb7 31. h5 gxh5 32. Rb1 Qxd3 33. Qxd3 Bxd3
34. Rd1 Bf5 35. a3 h4 36. Ka2 h3 37. Rhd2 Bf6 38. b4 Rg7 39. Kb3 Rg2 0-1

[Event "FIDE World Rapid Team"]
[Site "Almaty KAZ"]
[Date "2024.08.02"]
[Round "3.5"]
[White "Zhu, Jiner"]
[Black "Tregubenko, Nikolay"]
[Result "1/2-1/2"]
[WhiteTitle "GM"]
[WhiteElo "2479"]
[BlackElo "2023"]
[WhiteTeam "Al-Ain ACMG UAE"]
[BlackTeam "Rookies"]
[WhiteFideId "8608059"]
[BlackFideId "34358978"]
[EventDate "2024.08.02"]

1. e4 c5 2. Nf3 d6 3. Nc3 a6 4. d4 cxd4 5. Qxd4 Nc6 6. Qe3 g6 7. a4 Bg7 8. Bc4
Nf6 9. h3 O-O 10. O-O Bd7 11. Rd1 Rc8 12. Qg5 Qa5 13. Bb3 Qxg5 14. Bxg5 h6 15.
Be3 Na5 16. Bd5 Nxd5 17. Nxd5 Rfe8 18. Nb6 Rc7 19. Bd4 Be6 20. Bxg7 Kxg7 21. Nd4
Nc4 22. Nxc4 Rxc4 23. Rd2 Rec8 24. a5 Bd7 25. b3 Rc3 26. Ra2 Bb5 27. Nxb5 axb5
28. Kf1 Kf6 29. Ke2 Ke6 30. Kd1 f5 31. exf5+ gxf5 32. Rd4 Kf6 33. Kd2 R3c5 34.
g3 d5 35. b4 Ke5 36. Rd3 Rc4 37. f4+ Ke6 38. c3 d4 39. Rxd4 Rxc3 40. a6 bxa6 41.
Rxa6+ R8c6 42. Rxc6+ Rxc6 43. g4 Kf6 44. Rd5 fxg4 45. hxg4 Rc4 46. g5+ Kg6 47.
Rxb5 Rxf4 48. gxh6 Kxh6 49. Kc3 Kg6 50. Rb8 Rf1 51. b5 Rb1 52. Kd4 Kf5 53. b6
Ke6 54. Kc5 Kd7 55. Ra8 e5 56. Ra7+ Kc8 57. Re7 Kb8 58. Rxe5 Rc1+ 1/2-1/2

[Event "FIDE World Rapid Team"]
[Site "Almaty KAZ"]
[Date "2024.08.02"]
[Round "3.6"]
[White "Berikkyzy Alanna"]
[Black "Galymzhanuly, Ibragim"]
[Result "0-1"]
[WhiteTitle "WCM"]
[WhiteElo "1869"]
[BlackElo "1929"]
[WhiteTeam "Rookies"]
[BlackTeam "Al-Ain ACMG UAE"]
[WhiteFideId "13780719"]
[BlackFideId "13727915"]
[EventDate "2024.08.02"]

1. e4 Nf6 2. e5 Nd5 3. c4 Nb6 4. a4 a5 5. Nc3 d6 6. Nf3 Nc6 7. exd6 cxd6 8. d4
g6 9. Be2 Bg7 10. O-O Bg4 11. d5 Bxf3 12. Bxf3 Ne5 13. Be2 O-O 14. Qb3 Rc8 15.
Bf4 Nexc4 16. Rac1 Ne5 17. Ne4 Ned7 18. Be3 Rxc1 19. Rxc1 h6 20. Nd2 Re8 21. Nf3
e6 22. dxe6 Rxe6 23. Bb5 Ne5 24. Nd4 Re7 25. Be2 Nbd7 26. Nb5 Nf6 27. Na7 Qd7
28. Nc8 Re6 29. Nb6 Qe7 30. Nc8 Qd7 31. Bb6 Nc6 32. Bc4 d5 33. Bxd5 0-1

[Event "FIDE World Rapid Team"]
[Site "Almaty KAZ"]
[Date "2024.08.02"]
[Round "3.7"]
[White "Wageih, Kareim"]
[Black "Mamedyarov, Shakhriyar"]
[Result "0-1"]
[WhiteTitle "IM"]
[BlackTitle "GM"]
[WhiteElo "2402"]
[BlackElo "2733"]
[WhiteTeam "Egypt"]
[BlackTeam "Kazchess"]
[WhiteFideId "10604561"]
[BlackFideId "13401319"]
[EventDate "2024.08.02"]

1. d4 Nf6 2. Nf3 g6 3. c3 Bg7 4. Bf4 O-O 5. e3 b6 6. h3 Bb7 7. Be2 d6 8. O-O
Nbd7 9. a4 a6 10. Na3 Re8 11. Nc4 c5 12. Bh2 Qc7 13. Rc1 Rec8 14. Nfd2 Bc6 15.
b4 Qb7 16. Bf3 Bxf3 17. Nxf3 cxb4 18. cxb4 Rc7 19. Qd2 Rac8 20. Nb2 Ne4 21. Rxc7
Rxc7 22. Qd3 Rc3 23. Qb1 Ndf6 24. Nd3 Qc6 25. b5 axb5 26. axb5 Qc4 27. Nf4 h6
28. g4 Ng5 29. Nd2 Qc8 30. Kg2 Rc2 31. Nb3 e5 32. dxe5 dxe5 33. Na1 Qb7+ 0-1

[Event "FIDE World Rapid Team"]
[Site "Almaty KAZ"]
[Date "2024.08.02"]
[Round "3.8"]
[White "Svidler, Peter"]
[Black "Wafa, Hamed"]
[Result "1-0"]
[WhiteTitle "GM"]
[BlackTitle "IM"]
[WhiteElo "2698"]
[BlackElo "2345"]
[WhiteTeam "Kazchess"]
[BlackTeam "Egypt"]
[WhiteFideId "4102142"]
[BlackFideId "10628452"]
[EventDate "2024.08.02"]

1. e4 c5 2. Nf3 d6 3. Bb5+ Bd7 4. c4 Nf6 5. Nc3 g6 6. O-O Bg7 7. d4 cxd4 8. Nxd4
O-O 9. h3 Nc6 10. Bxc6 bxc6 11. c5 dxc5 12. Nb3 c4 13. Nc5 Bc8 14. Qe2 Nd7 15.
Rd1 Qc7 16. Qxc4 Nxc5 17. Qxc5 Be5 18. Bh6 Re8 19. Rac1 Be6 20. b3 Rad8 21. Ne2
f6 22. Nd4 Bxd4 23. Rxd4 Rxd4 24. Qxd4 Kf7 25. e5 Rd8 26. Rxc6 Rxd4 27. Rxc7
Rd1+ 28. Kh2 Rd7 29. Rc6 Rd5 30. exf6 exf6 31. Ra6 g5 32. Rxa7+ Bd7 33. a4 Rd2
34. f3 Ke6 35. b4 Ra2 36. Ra6+ Kf5 37. b5 Bc8 38. Ra7 Rb2 39. Bg7 Kg6 40. Bh8
Be6 41. Rg7+ Kf5 42. Rxh7 Kg6 43. Rg7+ Kf5 44. Rc7 Bd5 45. Rc5 Ke6 46. Bxf6 Ra2
47. Kg3 1-0

[Event "FIDE World Rapid Team"]
[Site "Almaty KAZ"]
[Date "2024.08.02"]
[Round "3.9"]
[White "Hassan, Sayed Barakat"]
[Black "Grischuk, Alexander"]
[Result "0-1"]
[WhiteTitle "IM"]
[BlackTitle "GM"]
[WhiteElo "2279"]
[BlackElo "2708"]
[WhiteTeam "Egypt"]
[BlackTeam "Kazchess"]
[WhiteFideId "10600299"]
[BlackFideId "4126025"]
[EventDate "2024.08.02"]

1. e4 e5 2. Nf3 Nc6 3. Bc4 Bc5 4. c3 Nf6 5. d3 d6 6. Bb3 O-O 7. h3 a5 8. Nbd2
Be6 9. Bc2 d5 10. Qe2 a4 11. a3 d4 12. Nf1 Re8 13. Ng3 h6 14. Nh4 Bf8 15. Nhf5
Kh7 16. O-O g6 17. Nh4 Nd7 18. Nf3 Nc5 19. cxd4 exd4 20. Nh2 Qh4 21. Nf3 Qe7 22.
Nh2 Bg7 23. f4 f5 24. Nf3 Rad8 25. e5 Bd5 26. Bd2 Ra8 27. Rac1 Red8 28. Be1 Ne6
29. Bd2 Ra6 30. h4 Bxf3 31. Qxf3 Qxh4 32. Bb1 Rb6 33. Rc2 Qe7 34. Ba2 Nc5 35.
Bd5 Nb3 36. Be1 Qd7 37. Bc4 Nca5 38. e6 Qe7 39. Bd5 Qd6 40. e7 Qxe7 41. Bb4 Qd7
42. Bxb3 Nxb3 43. Re1 Bf6 44. Rce2 c5 45. Bd2 Qf7 46. Nf1 Rc6 47. g4 fxg4 48.
Qxg4 Rc7 49. Ng3 Bg7 50. Rg2 Rd5 51. Rf1 Nxd2 52. Rxd2 h5 53. Qf3 Re7 54. f5
Ree5 55. Rh2 Kg8 56. f6 Bh6 57. Ne4 Kh7 58. Rg2 b5 59. Kh1 Rf5 60. Qe2 Rxf1+ 61.
Qxf1 c4 62. Re2 Kg8 63. Qf3 Rf5 64. Qg3 cxd3 65. Qxd3 Be3 66. Rg2 Kh7 67. Nd6
Qxf6 68. Nxf5 Qxf5 69. Qxf5 gxf5 70. Rc2 d3 71. Rc7+ Kg6 72. Rd7 d2 73. Kg2 f4
74. Kf3 h4 75. Kg4 Kf6 76. Kxh4 Ke5 77. Kg4 Bd4 0-1